Los seguros de salud y el costo de los medicamentos (Registro nro. 28745)

Detalles MARC
000 -LEADER
fixed length control field 00328 a2200109 4500
001 - CONTROL NUMBER
control field ART_23942
005 - DATE AND TIME OF LATEST TRANSACTION
control field 20260410161933.0
008 - FIXED-LENGTH DATA ELEMENTS--GENERAL INFORMATION
fixed length control field 260409a
100 1# - MAIN ENTRY--PERSONAL NAME
Personal name Sebess, Pedro
245 10 - TITLE STATEMENT
Title Los seguros de salud y el costo de los medicamentos
773 0# - HOST ITEM ENTRY
Title Informe
Related parts - Año VII, Nº 44 (abr./mayo 1975)
Record control number REV23765

No hay ítems disponibles.